[Event "MNE-ch 76th"]
[Site "Podgorica"]
[Date "2024.02.08"]
[Round "3"]
[White "Ivanovic, Bozidar"]
[Black "Djukanovic, Sreten"]
[Result "1/2-1/2"]
[WhiteElo "2403"]
[BlackElo "2068"]
[PlyCount "30"]
[EventDate "2024.02.06"]
[EventType "swiss"]
[EventRounds "11"]
[EventCountry "MNE"]
[SourceTitle "CB08_2024"]
[SourceDate "2024.02.21"]
[SourceVersion "1"]
[SourceVersionDate "2024.02.21"]
[SourceQuality "1"]

1. e4 c5 2. Nf3 d6 3. d4 cxd4 4. Nxd4 Nf6 5. Nc3 a6 6. Bc4 e6 7. Bb3 Nbd7 8. Bg5 Nc5 9. Qf3 Be7 10. 0-0-0 Qc7 11. Kb1 0-0 12. Rhe1 b5 13. Qg3 b4 14. Bxf6 Bxf6 15. Na4 Bb7 1/2-1/2

[Event "Podgorica Buducnost op"]
[Site "Podgorica"]
[Date "2022.04.16"]
[Round "3"]
[White "Djukanovic, Sreten"]
[Black "Dedic, Slavko"]
[Result "1/2-1/2"]
[WhiteElo "2159"]
[BlackElo "1816"]
[PlyCount "152"]
[EventDate "2022.04.15"]
[EventType "swiss"]
[EventRounds "5"]
[EventCountry "MNE"]
[SourceTitle "EXT 2023"]
[Source "ChessBase"]
[SourceDate "2022.10.05"]
[SourceVersion "1"]
[SourceVersionDate "2022.10.05"]
[SourceQuality "1"]

1. d4 d5 2. Nf3 e6 3. c4 dxc4 4. Nc3 Nf6 5. e4 Bb4 6. e5 Nd5 7. Bd2 Nb6 8. Qc2 Nc6 9. Qe4 h5 10. Be2 Na5 11. Bg5 Be7 12. Bd2 Bb4 13. g4 hxg4 14. Qxg4 g6 15. Ne4 Bxd2+ 16. Nfxd2 Qh4 17. Qf3 Qh3 18. Ng3 Nc6 19. Qc3 Qh4 20. Nf3 Qe7 21. Bxc4 Nxc4 22. Qxc4 Qb4+ 23. Qc3 Bd7 24. 0-0 0-0-0 25. Rac1 Qxc3 26. bxc3 Ne7 27. Ng5 Rdf8 28. Rfe1 Nd5 29. Re4 Bc6 30. c4 Nb4 31. Re3 Rh4 32. a3 Na6 33. Rd1 Rg4 34. N5e4 Bxe4 35. Rxe4 Rxe4 36. Nxe4 Rd8 37. Kg2 Nb8 38. d5 b5 39. d6 bxc4 40. Rc1 f5 41. dxc7 Kxc7 42. Rxc4+ Kb6 43. Ng5 Re8 44. Rd4 Nc6 45. Rd6 Kb7 46. f4 Nd8 47. Kf3 Kc7 48. Ke3 Re7 49. a4 Kc8 50. h3 Kc7 51. h4 Kc8 52. Rd4 Rb7 53. Rc4+ Kb8 54. Nf3 Rb3+ 55. Ke2 Rb2+ 56. Kd3 Rb3+ 57. Rc3 Rb4 58. Rc4 Rb3+ 59. Ke2 Rb2+ 60. Ke3 Rb3+ 61. Kf2 Rb2+ 62. Ke3 Rb3+ 63. Ke2 Rb2+ 64. Nd2 Rb7 65. Kd3 Rh7 66. Nf3 Kb7 67. Rd4 Kc8 68. Rd6 Nb7 69. Rc6+ Rc7 70. Nd4 Rxc6 71. Nxc6 Kd7 72. Nxa7 Nc5+ 73. Kd4 Nxa4 74. Nb5 Nb6 75. Ke3 Nd5+ 76. Kf3 Ke7 1/2-1/2

[Event "Podgorica Buducnost op"]
[Site "Podgorica"]
[Date "2022.04.15"]
[Round "1"]
[White "Djukanovic, Sreten"]
[Black "Koprivica, Andrija"]
[Result "1-0"]
[WhiteElo "2159"]
[BlackElo "1562"]
[PlyCount "47"]
[EventDate "2022.04.15"]
[EventType "swiss"]
[EventRounds "5"]
[EventCountry "MNE"]
[SourceTitle "EXT 2023"]
[Source "ChessBase"]
[SourceDate "2022.10.05"]
[SourceVersion "1"]
[SourceVersionDate "2022.10.05"]
[SourceQuality "1"]

1. d4 d5 2. c4 e6 3. Nc3 Nf6 4. Bg5 c5 5. cxd5 exd5 6. Bxf6 Qxf6 7. Nxd5 Qd8 8. e4 cxd4 9. Nf3 Be6 10. Bb5+ Nc6 11. 0-0 Bxd5 12. exd5 Qxd5 13. Re1+ Be7 14. Qa4 a6 15. Re5 Qd6 16. Rae1 Kd7 17. Rxe7+ Qxe7 18. Rxe7+ Kxe7 19. Bxc6 bxc6 20. Nxd4 Rhc8 21. Nf5+ Kf6 22. g4 c5 23. Qf4 g5 24. Qd6# 1-0

[Event "MNT-chT"]
[Site "Podgorica"]
[Date "2020.10.10"]
[Round "3.3"]
[White "Jeknic, Velimir"]
[Black "Djukanovic, Sreten"]
[Result "1/2-1/2"]
[WhiteElo "1948"]
[BlackElo "2193"]
[PlyCount "20"]
[EventDate "2020.10.09"]
[EventType "team-tourn"]
[EventRounds "9"]
[EventCountry "MNE"]
[SourceTitle "CBM 198 Extra"]
[Source "ChessBase"]
[SourceDate "2020.11.30"]
[SourceVersion "1"]
[SourceVersionDate "2020.11.30"]
[SourceQuality "1"]
[WhiteTeam "Prosvjeta"]
[BlackTeam "Buducnost"]
[WhiteTeamCountry "MNE"]
[BlackTeamCountry "MNE"]

1. e4 d6 2. d4 Nf6 3. Bd3 e5 4. dxe5 dxe5 5. Nc3 Be7 6. Nf3 Nbd7 7. h3 c6 8. 0-0 0-0 9. Qe2 Qc7 10. Be3 b5 1/2-1/2

[Event "MNT-chT"]
[Site "Podgorica"]
[Date "2020.10.09"]
[Round "1.2"]
[White "Djukanovic, Sreten"]
[Black "Kisic, Bozidar"]
[Result "0-1"]
[WhiteElo "2193"]
[BlackElo "2252"]
[PlyCount "80"]
[EventDate "2020.10.09"]
[EventType "team-tourn"]
[EventRounds "9"]
[EventCountry "MNE"]
[SourceTitle "CBM 198 Extra"]
[Source "ChessBase"]
[SourceDate "2020.11.30"]
[SourceVersion "1"]
[SourceVersionDate "2020.11.30"]
[SourceQuality "1"]
[WhiteTeam "Buducnost"]
[BlackTeam "Elektroprivreda"]
[WhiteTeamCountry "MNE"]
[BlackTeamCountry "MNE"]

1. d4 Nf6 2. c4 c5 3. d5 b5 4. Qc2 Na6 5. a3 bxc4 6. e4 e6 7. dxe6 fxe6 8. e5 Nd5 9. Bxc4 Qh4 10. Nf3 Qg4 11. 0-0 Nac7 12. Bd3 Bb7 13. Bxh7 Nf4 14. Bxf4 Qxf4 15. Nbd2 Qh6 16. Qg6+ Ke7 17. Qxh6 gxh6 18. Be4 Nd5 19. Nc4 Kf7 20. Rac1 Rg8 21. g3 Rb8 22. Rfe1 Bc6 23. Nfd2 h5 24. h4 Bh6 25. Bf3 Ke7 26. Rb1 Rbf8 27. Bg2 Rb8 28. Ne4 Rg4 29. Bf3 Rg7 30. Bxh5 Nf4 31. Bf3 Rf8 32. Bg2 Nd3 33. Re2 Bd5 34. Ne3 Bxe4 35. Bxe4 Nxe5 36. Rc2 Bxe3 37. fxe3 Rxg3+ 38. Bg2 Rfg8 39. Kh2 Rxe3 40. Rxc5 Re2 0-1

[Event "MNT-chT 1st League"]
[Site "Podgorica"]
[Date "2019.07.25"]
[Round "6.7"]
[White "Djukanovic, Sreten"]
[Black "Andjelic, Djordje"]
[Result "1-0"]
[WhiteElo "2230"]
[BlackElo "1787"]
[PlyCount "61"]
[EventDate "2019.07.20"]
[EventType "team-tourn"]
[EventRounds "9"]
[EventCountry "MNE"]
[SourceTitle "EXT 2020"]
[Source "ChessBase"]
[SourceDate "2019.10.17"]
[SourceVersion "1"]
[SourceVersionDate "2019.10.17"]
[SourceQuality "1"]
[WhiteTeam "Buducnost"]
[BlackTeam "Prosvjeta"]
[WhiteTeamCountry "MNE"]
[BlackTeamCountry "MNE"]

1. d4 d5 2. Nf3 Nf6 3. c4 e6 4. Nc3 Nbd7 5. Bg5 Be7 6. e3 0-0 7. Rc1 c6 8. Bd3 h6 9. Bh4 Nh5 10. Bxe7 Qxe7 11. 0-0 Nhf6 12. Qc2 dxc4 13. Bxc4 e5 14. Bb3 Rd8 15. Rfe1 c5 16. Rcd1 e4 17. Ne5 Nxe5 18. dxe5 Rxd1 19. Rxd1 Qxe5 20. Rd8+ Kh7 21. Nd5 Ng4 22. Nf4 Qe7 23. Rd2 Nf6 24. Qc4 g5 25. Nd5 Nxd5 26. Qxd5 Kg7 27. Qd8 Qe5 28. h3 b6 29. Rd6 Bf5 30. Qc7 Rf8 31. Rg6+ 1-0

[Event "MNT-chT 1st League"]
[Site "Podgorica"]
[Date "2019.07.23"]
[Round "4.7"]
[White "Djukanovic, Sreten"]
[Black "Blagojevic, Lidija"]
[Result "1/2-1/2"]
[WhiteElo "2230"]
[BlackElo "1908"]
[PlyCount "92"]
[EventDate "2019.07.20"]
[EventType "team-tourn"]
[EventRounds "9"]
[EventCountry "MNE"]
[SourceTitle "EXT 2020"]
[Source "ChessBase"]
[SourceDate "2019.10.17"]
[SourceVersion "1"]
[SourceVersionDate "2019.10.17"]
[SourceQuality "1"]
[WhiteTeam "Buducnost"]
[BlackTeam "Kotor"]
[WhiteTeamCountry "MNE"]
[BlackTeamCountry "MNE"]

1. d4 d6 2. Nf3 Nf6 3. c4 Nbd7 4. Nc3 e5 5. e4 Be7 6. Be2 0-0 7. 0-0 c6 8. Qc2 a6 9. Rd1 Qc7 10. h3 b5 11. a3 exd4 12. Nxd4 Ne5 13. b3 bxc4 14. bxc4 c5 15. Nf3 Be6 16. Nxe5 dxe5 17. Be3 Rfc8 18. Rdb1 Rcb8 19. Qa4 Bd7 20. Rxb8+ Qxb8 21. Qc2 Qc7 22. Rc1 Rc8 23. Rb1 Rb8 24. Rb3 h6 25. Qb1 Rxb3 26. Qxb3 Bd6 27. Bd2 Qb8 28. Qxb8+ Bxb8 29. Be3 Bd6 30. Kf1 Kf8 31. Bd1 Bc6 32. Bc2 Ke7 33. Ke2 Kd8 34. f3 Kc7 35. Ba4 Bxa4 36. Nxa4 Kc6 37. Nc3 Ne8 38. g3 Nc7 39. f4 Ne6 40. f5 Nd4+ 41. Kd3 Be7 42. Nd5 Bd8 43. g4 Bg5 44. Bf2 Nf3 45. a4 Bd8 46. Bg3 Kd6 1/2-1/2

[Event "EU-ch Amateur U2300"]
[Site "Niksic"]
[Date "2018.06.20"]
[Round "8"]
[White "Djukanovic, Sreten"]
[Black "Zherebtsova, Alexandra"]
[Result "1/2-1/2"]
[WhiteElo "2254"]
[BlackElo "2195"]
[PlyCount "83"]
[EventDate "2018.06.14"]
[EventType "swiss"]
[EventRounds "9"]
[EventCountry "MNE"]
[SourceTitle "CBM 185 Extra"]
[Source "ChessBase"]
[SourceDate "2018.07.29"]
[SourceVersion "1"]
[SourceVersionDate "2018.07.29"]
[SourceQuality "1"]

1. d4 d5 2. c4 c6 3. e3 Nf6 4. Nc3 e6 5. Nf3 Nbd7 6. Bd3 dxc4 7. Bxc4 b5 8. Bd3 b4 9. Ne4 Nxe4 10. Bxe4 Bb7 11. 0-0 Rc8 12. a3 bxa3 13. b4 Ba6 14. Re1 Bxb4 15. Bd2 Bd6 16. Bc1 Bb5 17. Bxa3 Bxa3 18. Rxa3 a6 19. Rc3 0-0 20. Qc2 Nf6 21. Bxc6 Nd5 22. Bxd5 Rxc3 23. Qxc3 Qxd5 24. Rc1 Be2 25. Ne5 f6 26. Nc6 Re8 27. Qb4 Qb5 28. Qc5 Qxc5 29. Rxc5 Kf8 30. Na5 Rb8 31. f3 Rb5 32. Kf2 Bd3 33. Rxb5 Bxb5 34. Ke1 Ke7 35. Kd2 Kd6 36. g3 e5 37. Kc3 Be2 38. Nb7+ Kc6 39. Nc5 Bxf3 40. Nxa6 Kd5 41. dxe5 Kxe5 42. Kd2 1/2-1/2

[Event "EU-ch Amateur U2300"]
[Site "Niksic"]
[Date "2018.06.16"]
[Round "3"]
[White "Kraljevic, Ivan"]
[Black "Djukanovic, Sreten"]
[Result "1/2-1/2"]
[WhiteElo "2116"]
[BlackElo "2254"]
[PlyCount "32"]
[EventDate "2018.06.14"]
[EventType "swiss"]
[EventRounds "9"]
[EventCountry "MNE"]
[SourceTitle "CBM 185 Extra"]
[Source "ChessBase"]
[SourceDate "2018.07.29"]
[SourceVersion "1"]
[SourceVersionDate "2018.07.29"]
[SourceQuality "1"]

1. e4 d6 2. d4 Nf6 3. Bd3 g6 4. Nf3 Bg7 5. 0-0 0-0 6. h3 Nc6 7. c3 e5 8. Be3 exd4 9. cxd4 Nb4 10. Nc3 Nxd3 11. Qxd3 Re8 12. Rfe1 c6 13. d5 cxd5 14. exd5 a6 15. Bd4 Bf5 16. Rxe8+ Qxe8 1/2-1/2

[Event "Podgorica Buducnost op 2nd"]
[Site "Podgorica"]
[Date "2016.03.23"]
[Round "5"]
[White "Djukanovic, Sreten"]
[Black "Kisic, Bozidar"]
[Result "1/2-1/2"]
[WhiteElo "2254"]
[BlackElo "2209"]
[PlyCount "55"]
[EventDate "2016.03.19"]
[EventType "swiss"]
[EventRounds "7"]
[EventCountry "MNE"]
[SourceTitle "CBM 171 Extra"]
[Source "ChessBase"]
[SourceDate "2016.04.26"]
[SourceVersion "1"]
[SourceVersionDate "2016.04.26"]
[SourceQuality "1"]

1. d4 Nf6 2. c4 c5 3. d5 b5 4. cxb5 a6 5. bxa6 d6 6. Nc3 Bxa6 7. e4 Bxf1 8. Kxf1 Nbd7 9. Nf3 g6 10. g3 Bg7 11. Kg2 0-0 12. h3 Ra6 13. Re1 Qa8 14. Rb1 h6 15. a3 Ne8 16. Qd3 Nc7 17. h4 Rb8 18. Bf4 Rab6 19. Qd2 Rb3 20. e5 e6 21. dxe6 Nxe6 22. Qd5 Qxd5 23. Nxd5 dxe5 24. Nxe5 Nxe5 25. Bxe5 Bxe5 26. Rxe5 Rxb2 27. Rxb2 Rxb2 28. Re3 1/2-1/2

[Event "Podgorica Buducnost op 2nd"]
[Site "Podgorica"]
[Date "2016.03.20"]
[Round "2"]
[White "Lazarevic, Zoran"]
[Black "Djukanovic, Sreten"]
[Result "0-1"]
[WhiteElo "1846"]
[BlackElo "2254"]
[PlyCount "128"]
[EventDate "2016.03.19"]
[EventType "swiss"]
[EventRounds "7"]
[EventCountry "MNE"]
[SourceTitle "CBM 171 Extra"]
[Source "ChessBase"]
[SourceDate "2016.04.26"]
[SourceVersion "1"]
[SourceVersionDate "2016.04.26"]
[SourceQuality "1"]

1. c4 c5 2. Nc3 Nc6 3. e4 g6 4. d3 Bg7 5. Nge2 d6 6. g3 e6 7. Bg2 Nge7 8. Rb1 0-0 9. Be3 Nd4 10. 0-0 Nec6 11. h3 Rb8 12. a4 a6 13. Kh2 Bd7 14. b3 b5 15. Bxd4 cxd4 16. axb5 Nb4 17. Na4 axb5 18. Nb2 Na2 19. Qc2 bxc4 20. Nxc4 Nb4 21. Qd2 d5 22. Na3 Qa5 23. Ra1 Qb6 24. Rfb1 Rfc8 25. f4 Rc7 26. e5 f6 27. exf6 Bxf6 28. Rc1 Rxc1 29. Nxc1 Rc8 30. Rb1 Rc3 31. Bf1 Be7 32. Rb2 Qc5 33. Na2 Nxa2 34. Rxa2 Rxb3 35. Nc2 Rc3 36. Qf2 Bf6 37. Ne1 Rc1 38. Rc2 Rxc2 39. Qxc2 Qc3 40. Qe2 Qc1 41. Kg2 Qe3 42. Nf3 Qxe2+ 43. Bxe2 h6 44. Kf2 g5 45. fxg5 hxg5 46. g4 Kf7 47. Nd2 Be5 48. Bd1 Bf4 49. Nf3 e5 50. Bb3 Be6 51. Ke2 Kf6 52. Kd1 Be3 53. Ke2 e4 54. Ne1 Ke5 55. Ng2 Bc1 56. Bc2 Bd7 57. Kd1 Bf4 58. Ke2 Bg3 59. Kd1 Bc6 60. Ke2 Kd6 61. Kd2 Kc5 62. Kc1 Kb4 63. Kb2 Bb7 64. Kc1 Kc3 0-1

[Event "Podgorica Buducnost op 1st"]
[Site "Podgorica"]
[Date "2015.03.20"]
[Round "5"]
[White "Djukanovic, Sreten"]
[Black "Lukic, Lazar"]
[Result "1-0"]
[WhiteElo "2260"]
[BlackElo "1938"]
[PlyCount "65"]
[EventDate "2015.03.16"]
[EventType "swiss"]
[EventRounds "7"]
[EventCountry "MNE"]
[SourceTitle "EXT 2018"]
[Source "ChessBase"]
[SourceDate "2017.10.13"]
[SourceVersion "1"]
[SourceVersionDate "2017.10.13"]
[SourceQuality "1"]

1. d4 d5 2. c4 e6 3. Nc3 Nf6 4. Bg5 Be7 5. Nf3 0-0 6. e3 h6 7. Bh4 b6 8. cxd5 exd5 9. Bd3 Be6 10. 0-0 Nbd7 11. Rc1 c5 12. b3 c4 13. bxc4 dxc4 14. Bc2 Nd5 15. Bxe7 Qxe7 16. Ne2 b5 17. e4 Nb4 18. Bb1 a5 19. Nc3 Rab8 20. a4 Nd3 21. Bxd3 cxd3 22. Nxb5 Nb6 23. Ne5 Qb4 24. Nc6 Bb3 25. Qxd3 Qxa4 26. Nxb8 Rxb8 27. Nc3 Qc4 28. Qxc4 Nxc4 29. Rfe1 Na3 30. d5 a4 31. f4 Rb4 32. d6 Kf8 33. Nd5 1-0

[Event "MNT-chT"]
[Site "Ulcinj"]
[Date "2014.09.24"]
[Round "5.6"]
[White "Tomic, Aleksandar"]
[Black "Djukanovic, Sreten"]
[Result "1/2-1/2"]
[WhiteElo "2049"]
[BlackElo "2274"]
[PlyCount "110"]
[EventDate "2014.09.20"]
[EventType "team-tourn"]
[EventRounds "9"]
[EventCountry "MNE"]
[SourceTitle "CBM 162 Extra"]
[Source "ChessBase"]
[SourceDate "2014.10.17"]
[SourceVersion "1"]
[SourceVersionDate "2014.10.17"]
[SourceQuality "1"]
[WhiteTeam "Mladost"]
[BlackTeam "Buducnost"]
[WhiteTeamCountry "MNE"]
[BlackTeamCountry "MNE"]

1. d4 Nf6 2. Bg5 Ne4 3. h4 d5 4. Nd2 Bf5 5. Nxe4 Bxe4 6. f3 h6 7. Bf4 Bg6 8. Qd2 e6 9. e3 c5 10. c3 Qb6 11. Nh3 Nc6 12. Nf2 Be7 13. Bd3 Bxd3 14. Nxd3 a5 15. a4 h5 16. Ne5 Qd8 17. g3 Nxe5 18. Bxe5 f6 19. Bf4 Qb6 20. Qe2 Kf7 21. Qb5 Qc6 22. Qxc6 bxc6 23. Kd2 cxd4 24. exd4 c5 25. Rab1 cxd4 26. cxd4 Ra7 27. Rhc1 Rb7 28. b3 Ra8 29. Rc6 Rb4 30. Kc3 Ra7 31. Rc7 Rbb7 32. Rc8 Ra6 33. Rb8 Rc6+ 34. Kd3 Rxb8 35. Bxb8 Bb4 36. Bf4 Rc3+ 37. Ke2 Rc2+ 38. Kd3 Rc3+ 39. Ke2 Kg6 40. Rb2 Ba3 41. Rb1 Bb4 42. Rb2 Rc6 43. Kd3 Rc3+ 44. Ke2 Rc6 45. Bd2 Rb6 46. Bxb4 Rxb4 47. Kd3 e5 48. dxe5 fxe5 49. Kc3 Kf5 50. Re2 g6 51. Re1 Rb6 52. Rd1 Ke6 53. Re1 Kf5 54. Rd1 Ke6 55. Re1 Kf5 1/2-1/2

[Event "MNT-ch sf"]
[Site "Podgorica"]
[Date "2014.07.27"]
[Round "6"]
[White "Djukanovic, Sreten"]
[Black "Kontic, Djordjije"]
[Result "1-0"]
[WhiteElo "2270"]
[BlackElo "2351"]
[PlyCount "65"]
[EventDate "2014.07.24"]
[EventType "swiss"]
[EventRounds "7"]
[EventCountry "MNE"]
[SourceTitle "CBM 161 Extra"]
[Source "ChessBase"]
[SourceDate "2014.08.29"]
[SourceVersion "1"]
[SourceVersionDate "2014.08.29"]
[SourceQuality "1"]

1. d4 c5 2. d5 Nf6 3. c4 e6 4. Nc3 exd5 5. cxd5 Bd6 6. g3 Bc7 7. d6 Ba5 8. Bg2 0-0 9. Nh3 Re8 10. 0-0 Bxc3 11. bxc3 Nc6 12. Bg5 Rb8 13. f4 h6 14. Bh4 Re3 15. Nf2 Qf8 16. Bxf6 gxf6 17. Ng4 Re6 18. Bd5 h5 19. Bxe6 fxe6 20. Nf2 b6 21. f5 e5 22. g4 Bb7 23. e4 Qh6 24. gxh5 Kf7 25. Ng4 Qg5 26. Rf2 Na5 27. Qe2 Rh8 28. h6 Bc6 29. Rg2 Qf4 30. Re1 b5 31. Nxe5+ Qxe5 32. Qh5+ Kf8 33. Qg6 1-0

[Event "MNT-ch 65th"]
[Site "Cetinje"]
[Date "2013.07.28"]
[Round "9"]
[White "Djukanovic, Sreten"]
[Black "Karisik, Nenad"]
[Result "0-1"]
[WhiteElo "2316"]
[BlackElo "2086"]
[PlyCount "60"]
[EventDate "2013.07.20"]
[EventType "swiss"]
[EventRounds "9"]
[EventCountry "MNE"]
[SourceTitle "CBM 155 Extra"]
[Source "ChessBase"]
[SourceDate "2013.08.26"]
[SourceVersion "1"]
[SourceVersionDate "2013.08.26"]
[SourceQuality "1"]

1. d4 Nf6 2. Nf3 g6 3. c4 Bg7 4. Nc3 0-0 5. e4 d6 6. Be2 e5 7. 0-0 Nc6 8. d5 Ne7 9. b4 Nh5 10. c5 f5 11. Qb3 Nf6 12. Re1 Kh8 13. cxd6 cxd6 14. Bg5 f4 15. Bxf6 Bxf6 16. a4 g5 17. Nd2 g4 18. Bf1 Ng6 19. a5 Bh4 20. g3 Bg5 21. Nc4 h5 22. Ra2 h4 23. Qd1 f3 24. Ne3 Bxe3 25. Rxe3 Rf7 26. Rc2 Qg5 27. Qd2 Bd7 28. Nd1 Raf8 29. Rc7 Rh7 30. Nc3 hxg3 0-1

[Event "MNT-ch 65th"]
[Site "Cetinje"]
[Date "2013.07.25"]
[Round "6"]
[White "Draganic, Veljko"]
[Black "Djukanovic, Sreten"]
[Result "1/2-1/2"]
[WhiteElo "2267"]
[BlackElo "2316"]
[PlyCount "84"]
[EventDate "2013.07.20"]
[EventType "swiss"]
[EventRounds "9"]
[EventCountry "MNE"]
[SourceTitle "CBM 155 Extra"]
[Source "ChessBase"]
[SourceDate "2013.08.26"]
[SourceVersion "1"]
[SourceVersionDate "2013.08.26"]
[SourceQuality "1"]

1. e4 c5 2. Nf3 d6 3. d4 cxd4 4. Nxd4 Nf6 5. Nc3 a6 6. Rg1 e5 7. Nb3 h5 8. h3 b5 9. g4 hxg4 10. hxg4 Bb7 11. Bg2 b4 12. g5 bxc3 13. gxf6 gxf6 14. bxc3 f5 15. Qe2 Rg8 16. Kf1 f4 17. Rb1 Bc6 18. c4 Nd7 19. Bd2 a5 20. Qe1 a4 21. Na5 Qc7 22. Bh3 Rxg1+ 23. Kxg1 Be7 24. Kh2 Bd8 25. Nxc6 Qxc6 26. Qe2 Nf6 27. f3 Ba5 28. Bxa5 Rxa5 29. Rb8+ Ke7 30. Rb5 Qa6 31. Qd3 Qa7 32. Kg2 Qc7 33. a3 Ra8 34. Qc3 Rg8+ 35. Kh2 Nd7 36. Bxd7 Qxd7 37. Qb4 Rh8+ 38. Kg1 Qh3 39. Rxe5+ Kd7 40. Qxa4+ Kd8 41. Qa8+ Kd7 42. Qb7+ Kd8 1/2-1/2

[Event "MNT-ch 65th"]
[Site "Cetinje"]
[Date "2013.07.24"]
[Round "5"]
[White "Djukanovic, Sreten"]
[Black "Kraljevic, Ivan"]
[Result "1-0"]
[WhiteElo "2316"]
[BlackElo "2142"]
[PlyCount "65"]
[EventDate "2013.07.20"]
[EventType "swiss"]
[EventRounds "9"]
[EventCountry "MNE"]
[SourceTitle "CBM 155 Extra"]
[Source "ChessBase"]
[SourceDate "2013.08.26"]
[SourceVersion "1"]
[SourceVersionDate "2013.08.26"]
[SourceQuality "1"]

1. d4 Nf6 2. c4 g6 3. Nc3 d5 4. Nf3 Bg7 5. Qa4+ c6 6. cxd5 Nxd5 7. e4 Nb6 8. Qc2 Bg4 9. Ne5 Be6 10. Be3 N8d7 11. Nf3 Bc4 12. Be2 Bxe2 13. Qxe2 0-0 14. Rd1 Qc7 15. 0-0 e5 16. d5 cxd5 17. Nxd5 Nxd5 18. Rxd5 Nb6 19. Rc5 Qe7 20. Rb5 Qe6 21. b3 Rfd8 22. Rc1 Rac8 23. Rxc8 Rxc8 24. h3 Rc6 25. Qd2 Rd6 26. Qa5 Qe8 27. a4 Qb8 28. Nd2 Nc8 29. Rd5 h6 30. Nc4 b6 31. Qb5 Re6 32. Rd8+ Kh7 33. Qd7 1-0

[Event "Cetinje Batricevic Memorial op"]
[Site "Cetinje"]
[Date "2012.10.24"]
[Round "6"]
[White "Djukanovic, Sreten"]
[Black "Prijovic, Bojan"]
[Result "1-0"]
[WhiteElo "2321"]
[BlackElo "2019"]
[PlyCount "83"]
[EventDate "2012.10.20"]
[EventType "swiss"]
[EventRounds "9"]
[EventCountry "MNE"]
[SourceTitle "EXT 2013"]
[Source "ChessBase"]
[SourceDate "2012.11.22"]
[SourceVersion "1"]
[SourceVersionDate "2012.11.22"]
[SourceQuality "1"]

1. d4 d5 2. c4 e6 3. Nf3 Nf6 4. Nc3 c6 5. e3 b6 6. Bd3 Bb7 7. 0-0 Be7 8. Qc2 Nbd7 9. Rd1 0-0 10. Ne5 Rc8 11. Nxd7 Qxd7 12. e4 dxe4 13. Nxe4 Nxe4 14. Bxe4 h6 15. Bf4 Bd6 16. Be5 Qc7 17. Bxd6 Qxd6 18. c5 Qf4 19. g3 Qc7 20. Qa4 b5 21. Qc2 a5 22. a3 Rcd8 23. f4 Rd7 24. Qc3 Rfd8 25. Bf3 Ba8 26. b3 Bb7 27. Kf2 Bc8 28. Rd2 Ba6 29. h4 Bc8 30. Qe3 Bb7 31. Re1 Ba8 32. Kg2 Bb7 33. g4 b4 34. axb4 axb4 35. g5 hxg5 36. hxg5 g6 37. Rh1 Kg7 38. d5 Rxd5 39. Bxd5 Rxd5 40. Rxd5 cxd5 41. Qd4+ Kf8 42. Kg3 1-0

[Event "MNT-chT"]
[Site "Cetinje"]
[Date "2012.08.10"]
[Round "8"]
[White "Luksic, Vladimir"]
[Black "Djukanovic, Sreten"]
[Result "1/2-1/2"]
[WhiteElo "2094"]
[BlackElo "2317"]
[PlyCount "35"]
[EventDate "2012.08.03"]
[EventType "team-tourn"]
[EventRounds "9"]
[EventCountry "MNE"]
[SourceTitle "CBM 149 Extra"]
[Source "ChessBase"]
[SourceDate "2012.08.24"]
[SourceVersion "1"]
[SourceVersionDate "2012.08.24"]
[SourceQuality "1"]

1. e4 c5 2. Nf3 d6 3. c3 Nf6 4. h3 g6 5. Be2 Bg7 6. 0-0 0-0 7. d3 Nc6 8. Nbd2 Nd7 9. Re1 b5 10. a3 Nb6 11. Nf1 e5 12. Be3 a6 13. d4 Na4 14. dxc5 dxc5 15. Qc2 Qe7 16. b3 Nb6 17. b4 Nd7 18. N3d2 1/2-1/2